History Quiz

Random History or Biography Quiz
Score 0/20 Timer 06:00
2 Plays Today
Biography Channel Profile 'P' Person % Correct
He has kept moviegoers riveted since the 1970s with roles in movies like 'The Godfather,' 'Serpico,' and 'Scent of a Woman.'Al Pacino
92.6%
An American short-story writer, poet, critic, and editor, he is famous for his tales and poems of horror and mystery such as 'The Raven.'Edgar Allan Poe
92.1%
A singer, musician, and actor, he was one of the biggest names in rock and roll - on the radio, TV, and screen, affording him his Graceland mansion.Elvis Presley
89.5%
He is an American swimmer who won 28 Olympic medals: 6 gold and 2 bronze (Athens 2004), 8 gold (Beijing 2008), 4 gold and 2 silver (London 2012), and 5 gold and 1 silver (Rio 2016)Michael Phelps
86.8%
She is the second woman and first Republican female to run for vice president on a U.S. major party's ticket.Sarah Palin
86.1%
A Spanish expatriate, he was one of the greatest and most influential artists of the 20th century, and the co-creator of Cubism.Pablo Picasso
83.7%
He was a Russian psychologist famous for his concept of 'conditioned reflex,' conditioning a responsive behavior. He did his studies with dogs.Ivan Pavlov
81.7%
She used her position as the first lady of Argentina to fight for women's suffrage and improving the lives of the poor.Eva Perón
77.1%
When he was awarded the best-actor Oscar for his performance in 'Lilies of the Field,' he became the first black person ever to win that honor.Sidney Poitier
68.7%
He was an English-American writer and pamphleteer whose 'Common Sense' and 'Crisis' papers were important influences on the American Revolution.Thomas Paine
67.1%
Biography Channel Profile 'P' Person % Correct
He is an American businessman who founded Electronic Data Systems and ran for the United States Presidency as an independent twice, in 1992 and 1996.Ross Perot
65.4%
She is a race car driver and has set several records for women drivers, including becoming the first woman ever to lead the Indy 500.Danica Patrick
62.2%
As half of the notorious [NAME] and Clyde, she became one of America's most famous outlaws, robbing banks and small businesses.Bonnie Parker
53.5%
She was a gifted, troubled poet, known for the confessional style of her work. She wrote the novel 'The Bell Jar.'Sylvia Plath
53.5%
He was a musician who designed a solid-body guitar in 1941, which then was a new type of instrument.Les Paul
49.5%
He is a Chinese-born American architect, perhaps best known for his controversial glass pyramid in the courtyard at the Louvre Museum in Paris.I.M. Pei
45.8%
She played Flora in the art house film 'The Piano,' winning an Academy Award for Best Supporting Actress when she was just 11 years old.Anna Paquin
44.2%
He was a Russian novelist and poet who wrote the epic 'Dr. Zhivago.'Boris Pasternak
36.5%
She wrote her first book of etiquette in 1922. It went through 10 editions and 90 printings before her death in 1960.Emily Post
31.6%
He was a U.S. composer and lyricist who created songs like 'I Get a Kick Out of You' and his own series of Broadway musicals, including 'Anything Goes.'Cole Porter
29.6%

You're not logged in!

Compare scores with friends on all Sporcle quizzes.
OR
Log In

Sporcle TV

Today on Sporcle TV


Watch our educational content, quiz creation guides, and fun videos on Sporcle TV.

Show Comments

Extras

Top Quizzes Today


Score Distribution

Your Account Isn't Verified!

In order to create a playlist on Sporcle, you need to verify the email address you used during registration. Go to your Sporcle Settings to finish the process.

Report this User

Report this user for behavior that violates our Community Guidelines.

Details: